The efficacy of alternative approaches to parole prediction
| Main Author: | |
|---|---|
| Format: | Print Article |
| Language: | English |
| Published: |
1955
|
| In: |
American sociological review
Year: 1955, Issue: 20, Pages: 283-287 |
| Availability in Tübingen: | Present in Tübingen. IFK: 2666 |
| Check availability: | HBZ Gateway |
| Keywords: |
MARC
| LEADER | 00000caa a22000002c 4500 | ||
|---|---|---|---|
| 001 | 1632137437 | ||
| 003 | DE-627 | ||
| 005 | 20220607132347.0 | ||
| 007 | tu | ||
| 008 | 130611s1955 xx ||||| 00| ||eng c | ||
| 035 | |a (DE-627)1632137437 | ||
| 035 | |a (DE-576)383422914 | ||
| 035 | |a (DE-599)BSZ383422914 | ||
| 040 | |a DE-627 |b ger |c DE-627 |e rakwb | ||
| 041 | |a eng | ||
| 100 | 1 | |a Glaser, D. A. |4 aut | |
| 245 | 1 | 4 | |a The efficacy of alternative approaches to parole prediction |c D. Glaser |
| 264 | 1 | |c 1955 | |
| 336 | |a Text |b txt |2 rdacontent | ||
| 337 | |a ohne Hilfsmittel zu benutzen |b n |2 rdamedia | ||
| 338 | |a Band |b nc |2 rdacarrier | ||
| 773 | 0 | 8 | |i In |t American sociological review |d Thousand Oaks, Calif. : Sage, 1936 |g (1955), 20, Seite 283-287 |w (DE-627)129475912 |w (DE-600)203405-0 |w (DE-576)014855291 |x 0003-1224 |7 nnas |
| 773 | 1 | 8 | |g year:1955 |g number:20 |g pages:283-287 |
| 951 | |a AR | ||
| ELC | |b 1 | ||
| LOK | |0 000 xxxxxcx a22 zn 4500 | ||
| LOK | |0 001 3283846936 | ||
| LOK | |0 003 DE-627 | ||
| LOK | |0 004 1632137437 | ||
| LOK | |0 005 20130625091903 | ||
| LOK | |0 008 130611||||||||||||||||ger||||||| | ||
| LOK | |0 040 |a DE-21-110 |c DE-627 |d DE-21-110 | ||
| LOK | |0 689 |a s |a Bedingte Entlassung | ||
| LOK | |0 689 |a s |a Rückfallprognose | ||
| LOK | |0 852 |a DE-21-110 | ||
| LOK | |0 852 1 |c 2666 |m p |9 00 | ||
| LOK | |0 935 |a k110 | ||
| LOK | |0 938 |k p | ||
| LOK | |0 939 |a 11-06-13 |b l01 | ||
| ORI | |a SA-MARC-krimdoka001.raw | ||
| SIG | |a IFK: 2666 | ||
